| 000 | 00917nam a2200241 a 4500 | ||
|---|---|---|---|
| 005 | 20160415173352.0 | ||
| 008 | 160415b1993 xx a fr|||| 00| 0 spa d | ||
| 040 |
_aCO-BoIAVH _cCO-BoIAVH |
||
| 041 | 0 | _aspa | |
| 082 | 0 | 4 |
_a631.523 _bO68d |
| 110 | 2 |
_aOrganización de las Naciones Unidas para la Alimentación y la Agricultura (FAO) _b, Oficina regional de la FAO para América Latina y el Caribe |
|
| 245 | 1 | 0 | _aDesarrollo agropecuario de la dependencia al protagonismo del agrícultor |
| 250 | _aTercera edición | ||
| 260 |
_aRoma : _bFAO, _c1993. |
||
| 300 |
_a140 páginas : _bilustraciones ; _c26 x 19 centímetros |
||
| 490 |
_aSerie desarrollo rural ; _v9 |
||
| 504 | _aIncluye referencias bibliográficas. | ||
| 650 | 6 | _aPolítica agrícola | |
| 650 | 6 | _aDesarrollo rural | |
| 650 | 6 | _aProductos agrícolas | |
| 650 | 6 |
_aAgricultura _xtecnología |
|
| 942 |
_cLIBRO _2ddc |
||
| 999 |
_c3820 _d3820 |
||